000
00345nam a2200145Ia 4500
008
231217s9999 xx 000 0 und d
041
_a
English
082
_a
294.5921 PAR
100
_a
Paramananda, Swami
245
0
_a
Vedanta in practice
260
_c
1974
_b
Ramakrishna Math, Madras
300
_a
110
650
_a
Vedanta
942
_c
AA
999
_c
165210
_d
165210